Electronics and Computer Math /
Contenido: Aritmética; Fundamentos de algebra; Matemáticas para circuitos de corriente directa; Matemáticas para circuitos de corriente alterna; Logaritmos en electrónica; Matemáticas para electrónica digital; Introducción a la estadística en electrónica.
Salvato in:
| Autore principale: | |
|---|---|
| Altri autori: | |
| Natura: | Libro |
| Lingua: | inglese |
| Pubblicazione: |
Upper Saddle River, EUA :
Prentice-Hall,
2003, c2003
|
| Edizione: | 7a edición |
| Soggetti: | |
| Tags: |
Nessun Tag, puoi essere il primo ad aggiungerne!!
|
MARC
| LEADER | 00000nam^a2200000^a^4500 | ||
|---|---|---|---|
| 001 | 000152727 | ||
| 005 | 20250521000000.0 | ||
| 009 | 20260310100255.349 | ||
| 037 | |a Acervo ITESO - Biblioteca | ||
| 041 | |a ING | ||
| 082 | |a 621. 38101510 |b DEE | ||
| 100 | |a Deem, Bill |e (autor) | ||
| 245 | 1 | 0 | |a Electronics and Computer Math / |c B. Deem, T. Zannini. |
| 250 | |a 7a edición | ||
| 264 | 4 | |a Upper Saddle River, EUA : |b Prentice-Hall, |c 2003, c2003 | |
| 300 | |a XVII, 891 p. + |e 1 disco compacto de computadora | ||
| 336 | |a texto |b txt |2 rdacontenido | ||
| 337 | |a sin mediación |b n |2 rdamedio | ||
| 338 | |a volumen |b nc |2 rdasoporte | ||
| 520 | |a Contenido: Aritmética; Fundamentos de algebra; Matemáticas para circuitos de corriente directa; Matemáticas para circuitos de corriente alterna; Logaritmos en electrónica; Matemáticas para electrónica digital; Introducción a la estadística en electrónica. | ||
| 649 | |a XX | ||
| 650 | |a Números Complejos | ||
| 650 | |a Logaritmos | ||
| 650 | |a Fracciones | ||
| 650 | |a Ecuaciones Lineales | ||
| 650 | |a Funciones Trigonométricas | ||
| 650 | |a Funciones Elementales | ||
| 650 | |a Funciones (Matemáticas) | ||
| 650 | |a Matemáticas de Ingeniería | ||
| 650 | |a Circuitos Electrónicos | ||
| 650 | |a Corriente Continua | ||
| 650 | |a Corriente Alterna | ||
| 650 | |a Corrientes Eléctricas | ||
| 650 | |a Electricidad | ||
| 650 | |a Física | ||
| 650 | |a Estadística | ||
| 650 | |a Algebra Booleana | ||
| 650 | |a Aritmética | ||
| 650 | |a Algebra | ||
| 650 | |a Matemáticas | ||
| 650 | |a Electrónica - |x Matemáticas | ||
| 650 | |a Ingeniería Computacional | ||
| 650 | |a Ingeniería Electrónica | ||
| 700 | |a Zannini, Tony |e (autor) | ||
| 910 | |a Fondo General | ||
| 920 | |a Impresos - Libros | ||
| 930 | |a Colección General | ||
| 905 | |a 101 | ||
| 901 | |a 0500081830 |b IT1 |c ACC |u 20250521 | ||
| 901 | |a 0500081833 |b IT2 |c SWS |u 20250521 | ||
| 902 | |a https://opac.biblio.iteso.mx/vufind/Record/000152727 | ||